00361nam a2200109Ia 450000500170000000800410001710000390005824500920009726000420018930000110023165000090024220260326100039.0260326s9999||||xx |||||||||||||| ||und|| aRubín de la Borbolla, Daniel F.  0aGuatemala Monumentos Históricos y Arqueológicos /cDaniel F. Rubín de la Borbolla bInstituto Panamericano de Geografía a115 p. aARTE